000 00614nam a2200205Ii 4500
001 4112
003 CO-ViMGA
008 241108s9999||||xx |||||||||||||| ||und||
020 _a9580206562
040 _aCO-ViMGA
_bspa
_erda
_cCO-ViMGA
041 0 _aunk
082 0 4 _a465-T143
245 1 0 _aTalento:
_bCastellano y literatura 7§, 8§, 9§, 10§ y 11
264 1 _a[Lugar de publicación no identificado] : Voluntad, 1994
300 _avolumen
336 _atext
_btxt
_2rdacontent
337 _aunmediated
_bn
_2rdamedia
338 _avolume
_bnc
_2rdacarrier
940 _aidficha_siabuc: 4021. -- ficha_no_siabuc:4112
999 _c56522
_d56522